AH International Schools' Libraries

Cracking the communication code : (Record no. 50101)

MARC details
000 -LEADER
fixed length control field 01315nam a2200217 4500
020 ## - INTERNATIONAL STANDARD BOOK NUMBER
International Standard Book Number 1591455057
Qualifying information hardcover
020 ## - INTERNATIONAL STANDARD BOOK NUMBER
International Standard Book Number 9781591455059
Qualifying information hardcover
082 ## - DEWEY DECIMAL CLASSIFICATION NUMBER
Classification number 248.8/44
Edition number 22
100 ## - MAIN ENTRY--PERSONAL NAME
Personal name Eggerichs, Emerson,
Relator term author.
9 (RLIN) 87118
245 ## - TITLE STATEMENT
Title Cracking the communication code :
Remainder of title the secret to speaking your mate's language : love for her, respect for him /
Statement of responsibility, etc Emerson Eggerichs.
260 ## - PUBLICATION, DISTRIBUTION, ETC. (IMPRINT)
Place of publication, distribution, etc Nashville, TN :
Name of publisher, distributor, etc Integrity Publishers ;
Place of publication, distribution, etc Colorado Springs, Col. :
Name of publisher, distributor, etc Focus on the Family,
Date of publication, distribution, etc c2007.
300 ## - PHYSICAL DESCRIPTION
Extent xii, 355 p. :
Other physical details ill. ;
Dimensions 24 cm.
504 ## - BIBLIOGRAPHY, ETC. NOTE
Bibliography, etc Includes bibliographical references (p. 320-326).
505 0# - FORMATTED CONTENTS NOTE
Formatted contents note A book within a book -- Three vital truths for better communication -- The crazy cycle : a relentless enemy of marital communication -- The energizing cycle : to better communicate, meet your spouse's need -- The rewarded cycle : the unconditional dimension of communication.
520 ## - SUMMARY, ETC.
Summary, etc "Shows couples how to speak to each other and give mutual understanding to build a successful marriage"--Provided by publisher.
650 ## - SUBJECT ADDED ENTRY--TOPICAL TERM
Topical term or geographic name as entry element Marriage
General subdivision Religious aspects
-- Christianity.
650 ## - SUBJECT ADDED ENTRY--TOPICAL TERM
Topical term or geographic name as entry element Communication in marriage.
942 ## - ADDED ENTRY ELEMENTS (KOHA)
Source of classification or shelving scheme
Koha item type Book
Holdings
Withdrawn status Lost status Source of classification or shelving scheme Damaged status Not for loan Home library Current library Date acquired Total Checkouts Full call number Barcode Date last seen Price effective from Koha item type
          Logos International School Logos International School 01/16/2026   248.844 EGG 040830 01/20/2026 01/16/2026 Book

For any Logos Library related questions please contact Miss Art at swongnarasuk@asianhope.org.

For any Asian Hope Library related questions please contact Miss Raza at graza@asianhope.org.

Click here to explore our ebooks!

Powered by Koha